| 000 | 00428nam a22001697a 4500 | ||
|---|---|---|---|
| 005 | 20180519150823.0 | ||
| 008 | 170916b xxu||||| |||| 00| 0 eng d | ||
| 020 | _a978-93-5016-207-1 | ||
| 041 | _aeng | ||
| 082 | _a519.5 | ||
| 100 |
_aDESHMUKH, SUREKHA D. _93930 |
||
| 245 | _aA TEXTBOOK OF STATISTICAL METHODS FOR BIOLOGISTS | ||
| 250 | _a4th | ||
| 260 |
_aPUNE _bVISION PUBLICATION _c2017 |
||
| 300 | _a9.24p. | ||
| 942 | _cBK | ||
| 999 |
_c5574 _d5572 |
||